000 00260nam a22001097a 4500
082 _a954.91 SHA'C
100 _aSHARMEEM, HUSSIAN KADRI, JUSTICE
_974557
245 _aCREATION OF PAKISTAN
260 _aLAHORE
_bWAJID ALIS
_c1982
300 _a521P
942 _cBK
999 _c580072
_d580072